00250nas a2200097Ia 4500008004100000245003600041260000900077310001300086500001300099650004000112150201s2011 xx 000 0 und d aIndian Journal of Public Health c2011 aQuaterly aNATIONAL aOther Clinical & Non Clinical Books